[Event "HUN-chT 2223"]
[Site "Hungary"]
[Date "2023.01.29"]
[Round "4.5"]
[White "Toth, Ervin"]
[Black "Berczes, David"]
[Result "0-1"]
[WhiteElo "2432"]
[BlackElo "2446"]
[PlyCount "80"]
[EventDate "2022.11.20"]
[EventType "team-tourn"]
[EventRounds "9"]
[EventCountry "HUN"]
[SourceTitle "CBM 213 Extra"]
[Source "ChessBase"]
[SourceDate "2023.05.31"]
[SourceVersion "1"]
[SourceVersionDate "2023.05.31"]
[SourceQuality "1"]
[WhiteTeam "Biatorbagy"]
[BlackTeam "Dunaharaszti"]
[WhiteTeamCountry "HUN"]
[BlackTeamCountry "HUN"]

1. d4 Nf6 2. c4 e6 3. Nc3 Bb4 4. f3 c5 5. d5 b5 6. e4 d6 7. Bd2 Bxc3 8. Bxc3 b4 9. Bd2 0-0 10. Bd3 Nbd7 11. Ne2 Ne5 12. Bf4 Nxd3+ 13. Qxd3 exd5 14. exd5 Nh5 15. 0-0 Nxf4 16. Nxf4 Qg5 17. g3 Bf5 18. Qd2 h5 19. Rf2 Rfe8 20. Re1 h4 21. Kg2 Bd7 22. Rfe2 Re5 23. Nd3 Qxd2 24. Rxd2 Rxe1 25. Nxe1 hxg3 26. hxg3 a5 27. Re2 Kf8 28. g4 a4 29. Kg3 b3 30. a3 g5 31. f4 Bc8 32. Nf3 gxf4+ 33. Kxf4 Ra7 34. Nh4 Re7 35. Rxe7 Kxe7 36. Nf5+ Kd7 37. Kg5 Ba6 38. Kf6 Bxc4 39. Ne3 Be2 40. Kxf7 c4 0-1

[Event "HUN-chT 2122"]
[Site "Hungary"]
[Date "2022.03.20"]
[Round "8.5"]
[White "Szalai, Kornel"]
[Black "Toth, Ervin"]
[Result "1/2-1/2"]
[WhiteElo "2382"]
[BlackElo "2442"]
[PlyCount "120"]
[EventDate "2021.10.10"]
[EventType "team-tourn"]
[EventRounds "9"]
[EventCountry "HUN"]
[SourceTitle "EXT 2023"]
[Source "ChessBase"]
[SourceDate "2022.10.05"]
[SourceVersion "1"]
[SourceVersionDate "2022.10.05"]
[SourceQuality "1"]
[WhiteTeam "Mako Duocor"]
[BlackTeam "Biatorbagy"]
[WhiteTeamCountry "HUN"]
[BlackTeamCountry "HUN"]

1. e4 g6 2. g3 Bg7 3. Bg2 c5 4. d3 Nc6 5. Ne2 e6 6. Nbc3 Nge7 7. Be3 d6 8. 0-0 0-0 9. Qd2 Nd4 10. Rab1 Nec6 11. a3 a5 12. a4 Qb6 13. f4 f5 14. Nd1 Bd7 15. Nc1 Ne7 16. Ra1 Qa6 17. c3 Ndc6 18. Kh1 Rad8 19. Nf2 b6 20. Ne2 Bc8 21. d4 cxd4 22. Nxd4 Nxd4 23. cxd4 fxe4 24. Nxe4 Nf5 25. Bg1 Bb7 26. Ng5 Bxg2+ 27. Qxg2 Rde8 28. Nf3 d5 29. Rac1 Nd6 30. Rfe1 Ne4 31. Nd2 Nd6 32. Nf3 Ne4 33. Nd2 Nd6 34. Rc6 Rd8 35. Rxe6 Nf5 36. Nf3 Qd3 37. Qe2 Qb1 38. Kg2 Qa2 39. g4 Nh6 40. Kg3 Qxa4 41. Rc7 Nf7 42. Ng5 Nxg5 43. fxg5 Rd7 44. Re7 Rxc7 45. Qe6+ Kh8 46. Rxc7 Qb3+ 47. Kh4 Qf3 48. Qd7 Rg8 49. Qe7 h5 50. gxh5 gxh5 51. Qd7 Qg2 52. Rc8 Bf8 53. Qf5 Qxg1 54. Qf6+ Bg7 55. Rxg8+ Kxg8 56. Qe6+ Kf8 57. Qd6+ Ke8 58. Qg6+ Kf8 59. Qd6+ Ke8 60. Qg6+ Kf8 1/2-1/2

[Event "HUN-chT 2122"]
[Site "Hungary"]
[Date "2022.01.30"]
[Round "5.3"]
[White "Prohaszka, Peter"]
[Black "Toth, Ervin"]
[Result "1-0"]
[WhiteElo "2567"]
[BlackElo "2442"]
[PlyCount "89"]
[EventDate "2021.10.10"]
[EventType "team-tourn"]
[EventRounds "9"]
[EventCountry "HUN"]
[SourceTitle "EXT 2023"]
[Source "ChessBase"]
[SourceDate "2022.10.05"]
[SourceVersion "1"]
[SourceVersionDate "2022.10.05"]
[SourceQuality "1"]
[WhiteTeam "Ajka Sentimento"]
[BlackTeam "Biatorbagy"]
[WhiteTeamCountry "HUN"]
[BlackTeamCountry "HUN"]

1. Nf3 g6 2. d4 Bg7 3. c4 Nf6 4. g3 d6 5. Nc3 0-0 6. Bg2 Nbd7 7. 0-0 e5 8. e4 exd4 9. Nxd4 Re8 10. h3 Nc5 11. Re1 c6 12. Bf4 Nh5 13. Be3 a5 14. Nb3 Be6 15. g4 Nxb3 16. axb3 Nf6 17. f4 Bf8 18. Qd2 Bc8 19. Qf2 Nd7 20. b4 Qc7 21. Rf1 b6 22. e5 Rb8 23. Ne4 d5 24. cxd5 cxd5 25. Ng5 h6 26. Nxf7 Kxf7 27. Bxd5+ Kg7 28. Rac1 Qd8 29. Bd4 Kh7 30. Bf7 Bg7 31. Rfd1 Qe7 32. Bxe8 Qxe8 33. Rc7 Nf8 34. f5 gxf5 35. gxf5 Qh5 36. Rf1 Qxh3 37. Qg2 Qxg2+ 38. Kxg2 Kg8 39. Kh1 Bd7 40. Rg1 Rd8 41. e6 Bc6+ 42. Kh2 Rxd4 43. Rcxg7+ Kh8 44. Rg8+ Kh7 45. R1g7# 1-0

[Event "HUN-chT 2122"]
[Site "Hungary"]
[Date "2021.12.19"]
[Round "4.2"]
[White "Papp, Gabor"]
[Black "Toth, Ervin"]
[Result "1/2-1/2"]
[WhiteElo "2581"]
[BlackElo "2442"]
[PlyCount "83"]
[EventDate "2021.10.10"]
[EventType "team-tourn"]
[EventRounds "9"]
[EventCountry "HUN"]
[SourceTitle "EXT 2023"]
[Source "ChessBase"]
[SourceDate "2022.10.05"]
[SourceVersion "1"]
[SourceVersionDate "2022.10.05"]
[SourceQuality "1"]
[WhiteTeam "Paks"]
[BlackTeam "Biatorbagy"]
[WhiteTeamCountry "HUN"]
[BlackTeamCountry "HUN"]

1. e4 g6 2. d4 Bg7 3. Nc3 d6 4. Be3 c6 5. Qd2 Nd7 6. Nf3 b5 7. Bd3 Nb6 8. b3 Bg4 9. Ne2 a6 10. Rd1 Qc7 11. h3 Bxf3 12. gxf3 Nf6 13. f4 0-0 14. Ng3 c5 15. c3 Rac8 16. Bb1 a5 17. Qe2 c4 18. Rc1 cxb3 19. axb3 a4 20. Qxb5 axb3 21. Qxb3 Rb8 22. 0-0 Nc4 23. Qd1 Rfc8 24. Qf3 Qa5 25. Ne2 Rb2 26. Rc2 Rxc2 27. Bxc2 Qa2 28. Bb1 Qb2 29. Bd3 Nd2 30. Bxd2 Qxd2 31. Qe3 Qa2 32. Rc1 Bh6 33. Rc2 Qa1+ 34. Rc1 Qa5 35. Qf3 Nh5 36. Rb1 Qa2 37. Rb5 Nf6 38. Kg2 Qd2 39. Qe3 Qa2 40. Rb7 Kf8 41. d5 Nh5 42. Ra7 1/2-1/2

[Event "SVK-chT 2122"]
[Site "Slovakia"]
[Date "2021.10.24"]
[Round "2.5"]
[White "Toth, Ervin"]
[Black "Leniart, Arkadiusz"]
[Result "0-1"]
[WhiteElo "2439"]
[BlackElo "2465"]
[PlyCount "76"]
[EventDate "2021.10.23"]
[EventType "team-tourn"]
[EventRounds "11"]
[EventCountry "SVK"]
[SourceTitle "CBM 204 Extra"]
[Source "ChessBase"]
[SourceDate "2021.11.30"]
[SourceVersion "1"]
[SourceVersionDate "2021.11.30"]
[SourceQuality "1"]
[WhiteTeam "Cebovce"]
[BlackTeam "Prakovce"]
[WhiteTeamCountry "SVK"]
[BlackTeamCountry "SVK"]

1. Nf3 d5 2. g3 Nf6 3. Bg2 e6 4. 0-0 Nbd7 5. d3 b6 6. Nbd2 Bb7 7. c3 Be7 8. Qc2 0-0 9. e4 dxe4 10. dxe4 e5 11. Re1 Re8 12. b4 a5 13. Rb1 Bf8 14. a3 c5 15. b5 c4 16. Nxc4 Qc7 17. Nfd2 Nc5 18. f3 Rad8 19. Bf1 Re7 20. Nb3 Red7 21. Nxc5 Bxc5+ 22. Be3 Bxe3+ 23. Rxe3 Ne8 24. Ree1 Nd6 25. Ne3 Qc5 26. Qb3 Kf8 27. Rb2 f5 28. Bh3 f4 29. Bxd7 Rxd7 30. gxf4 exf4 31. e5 fxe3 32. Qe6 e2+ 33. Kg2 Qe3 34. Rexe2 Qxf3+ 35. Kg1 Qh1+ 36. Kf2 Qg2+ 37. Ke3 Nc4+ 38. Qxc4 Qf3# 0-1

[Event "HUN-chT 1920"]
[Site "Hungary"]
[Date "2019.11.16"]
[Round "1.8"]
[White "Medvegy, Zoltan"]
[Black "Toth, Ervin"]
[Result "1/2-1/2"]
[WhiteElo "2529"]
[BlackElo "2439"]
[PlyCount "86"]
[EventDate "2019.11.16"]
[EventType "team-tourn"]
[EventRounds "9"]
[EventCountry "HUN"]
[SourceTitle "CBM 193 Extra"]
[Source "ChessBase"]
[SourceDate "2020.01.31"]
[SourceVersion "1"]
[SourceVersionDate "2020.01.31"]
[SourceQuality "1"]
[WhiteTeam "Aquaprofit"]
[BlackTeam "Kobanya Aquarena"]
[WhiteTeamCountry "HUN"]
[BlackTeamCountry "HUN"]

1. c4 g6 2. Nc3 Bg7 3. g3 d6 4. Bg2 e5 5. d3 Ne7 6. e4 0-0 7. Nge2 Be6 8. 0-0 Nbc6 9. Nd5 Qd7 10. Bg5 f6 11. Be3 f5 12. Qd2 Rf7 13. Rac1 Raf8 14. f3 Kh8 15. b4 Ng8 16. b5 Nd4 17. Bxd4 exd4 18. Ndf4 c5 19. bxc6 bxc6 20. c5 Rb8 21. cxd6 Qxd6 22. Nxe6 Qxe6 23. f4 fxe4 24. Bxe4 Nf6 25. Bxc6 Ng4 26. Be4 Ne3 27. Rb1 Re8 28. Rfc1 Qh3 29. Nc3 g5 30. Nd5 gxf4 31. Nxf4 Qg4 32. Kh1 Bh6 33. Qb2 Rd8 34. Rg1 Re7 35. Qe2 Bxf4 36. Qxg4 Nxg4 37. gxf4 Nf2+ 38. Kg2 Nxe4 39. dxe4 Rxe4 40. Kf3 Re3+ 41. Kf2 Rh3 42. Rg2 d3 43. Ke1 Rf3 1/2-1/2

[Event "HUN-chT 1819"]
[Site "Hungary"]
[Date "2018.11.18"]
[Round "2.4"]
[White "Toth, Ervin"]
[Black "Petenyi, Tamas"]
[Result "1/2-1/2"]
[WhiteElo "2426"]
[BlackElo "2428"]
[PlyCount "85"]
[EventDate "2018.11.17"]
[EventType "team-tourn"]
[EventRounds "9"]
[EventCountry "HUN"]
[SourceTitle "CBM 187 Extra"]
[Source "ChessBase"]
[SourceDate "2018.11.04"]
[SourceVersion "1"]
[SourceVersionDate "2018.11.04"]
[SourceQuality "1"]
[WhiteTeam "Kobanya Aquarena"]
[BlackTeam "HVSE Infraplan"]
[WhiteTeamCountry "HUN"]
[BlackTeamCountry "HUN"]

1. d4 Nf6 2. c4 g6 3. Nc3 Bg7 4. e4 d6 5. Nf3 0-0 6. Be2 c6 7. 0-0 Bg4 8. Be3 Nbd7 9. Qc2 Qc7 10. Rac1 a6 11. h3 Bxf3 12. Bxf3 e6 13. Qb3 Rfe8 14. Rfd1 Rad8 15. Be2 Qb8 16. a4 e5 17. d5 c5 18. a5 h5 19. Qa3 Kh7 20. Rd3 Bh6 21. Bxh6 Kxh6 22. Bd1 Qc7 23. Rb1 Re7 24. Ra1 Rc8 25. Qa4 Kg7 26. Qc2 Nf8 27. Qd2 N8h7 28. Ra3 Qd8 29. Re3 Rcc7 30. Re1 Re8 31. Ba4 Rf8 32. Nd1 Ng8 33. f4 exf4 34. Qxf4 Re7 35. Bc2 Re5 36. Rf1 Qg5 37. Qf2 Ngf6 38. Rg3 Qh6 39. Rb3 Re7 40. Rb6 Ne8 41. b4 cxb4 42. c5 dxc5 43. Qxc5 1/2-1/2

[Event "HUN-chT 1718"]
[Site "Hungary"]
[Date "2018.05.06"]
[Round "9.6"]
[White "Toth, Ervin"]
[Black "Polak, Tomas"]
[Result "1/2-1/2"]
[WhiteElo "2449"]
[BlackElo "2516"]
[PlyCount "81"]
[EventDate "2017.11.25"]
[EventType "team-tourn"]
[EventRounds "9"]
[EventCountry "HUN"]
[SourceTitle "EXT 2019"]
[Source "ChessBase"]
[SourceDate "2018.10.10"]
[SourceVersion "1"]
[SourceVersionDate "2018.10.10"]
[SourceQuality "1"]
[WhiteTeam "Kobanya Aquarena"]
[BlackTeam "HVSE Infraplan"]
[WhiteTeamCountry "HUN"]
[BlackTeamCountry "HUN"]

1. d4 Nf6 2. c4 c5 3. d5 b5 4. cxb5 a6 5. bxa6 g6 6. Nc3 Bxa6 7. Nf3 d6 8. g3 Bg7 9. Bg2 Nbd7 10. 0-0 Nb6 11. Re1 0-0 12. Rb1 Bc4 13. e4 Bxa2 14. Nxa2 Rxa2 15. b4 Nfd7 16. Qb3 Ra4 17. bxc5 dxc5 18. Qb5 Bc3 19. Bd2 Bxd2 20. Nxd2 Qc7 21. e5 Ra2 22. Nf3 Nc8 23. Qc4 Qa7 24. Qf4 f6 25. d6 fxe5 26. Qc4+ Kh8 27. dxe7 Nxe7 28. Rbd1 Nf6 29. Rxe5 Nf5 30. h3 Nd4 31. Nxd4 cxd4 32. Qxd4 Qxd4 33. Rxd4 Ra7 34. Rd2 Kg7 35. Kh2 Re8 36. Rb5 Ree7 37. Rb4 Rad7 38. Rbb2 Rxd2 39. Rxd2 Rc7 40. Re2 g5 41. f4 1/2-1/2

[Event "HUN-chT 1718"]
[Site "Hungary"]
[Date "2018.05.05"]
[Round "8.6"]
[White "Korpa, Bence"]
[Black "Toth, Ervin"]
[Result "1/2-1/2"]
[WhiteElo "2483"]
[BlackElo "2449"]
[PlyCount "89"]
[EventDate "2017.11.25"]
[EventType "team-tourn"]
[EventRounds "9"]
[EventCountry "HUN"]
[SourceTitle "EXT 2019"]
[Source "ChessBase"]
[SourceDate "2018.10.10"]
[SourceVersion "1"]
[SourceVersionDate "2018.10.10"]
[SourceQuality "1"]
[WhiteTeam "DVTK"]
[BlackTeam "Kobanya Aquarena"]
[WhiteTeamCountry "HUN"]
[BlackTeamCountry "HUN"]

1. Nf3 Nf6 2. g3 g6 3. b3 Bg7 4. Bb2 0-0 5. Bg2 d6 6. d4 Nbd7 7. 0-0 c6 8. Nbd2 d5 9. c4 b6 10. Qc2 Bb7 11. e4 dxe4 12. Nxe4 Nxe4 13. Qxe4 Re8 14. Rad1 Qc7 15. Qc2 Rad8 16. Rfe1 Qb8 17. h4 Nf6 18. Ne5 Qa8 19. Bf3 Nd7 20. h5 Nxe5 21. dxe5 c5 22. Bxb7 Qxb7 23. e6 Bxb2 24. exf7+ Kxf7 25. Qxb2 Qf3 26. h6 Qf6 27. Qa3 a5 28. Qa4 g5 29. Rd7 Qxh6 30. Red1 Rxd7 31. Qxd7 Qe6 32. Qd2 Qf6 33. Qe3 Qf5 34. Rd5 e5 35. Qd2 Kg6 36. Qe2 h5 37. Rd6+ Re6 38. Rd8 e4 39. Qd2 e3 40. fxe3 Qb1+ 41. Kh2 Qf5 42. Rg8+ Kh6 43. Rh8+ Kg6 44. Rg8+ Kh6 45. Rh8+ 1/2-1/2

[Event "Budapest Spring op"]
[Site "Budapest"]
[Date "2018.04.24"]
[Round "7"]
[White "Toth, Ervin"]
[Black "Jarmula, Lukasz"]
[Result "0-1"]
[WhiteElo "2427"]
[BlackElo "2492"]
[PlyCount "50"]
[EventDate "2018.04.18"]
[EventType "swiss"]
[EventRounds "9"]
[EventCountry "HUN"]
[SourceTitle "CBM 184 Extra"]
[Source "ChessBase"]
[SourceDate "2018.06.28"]
[SourceVersion "1"]
[SourceVersionDate "2018.06.28"]
[SourceQuality "1"]

1. d4 Nf6 2. c4 e6 3. Nc3 Bb4 4. f3 c5 5. d5 0-0 6. e4 b5 7. e5 Ne8 8. f4 d6 9. Nf3 exd5 10. cxd5 c4 11. Bd2 Nc7 12. Ne4 Bxd2+ 13. Qxd2 dxe5 14. d6 Ne6 15. fxe5 Bb7 16. Qe3 Qa5+ 17. Kf2 Nd7 18. Ng3 f5 19. exf6 Rae8 20. fxg7 Nxg7 21. Qd4 Ne6 22. Qg4+ Kh8 23. Be2 Qb6+ 24. Ke1 Bxf3 25. gxf3 Ne5 0-1

[Event "HUN-chT 1718"]
[Site "Hungary"]
[Date "2018.01.28"]
[Round "5.8"]
[White "Fendrik, Lajos"]
[Black "Toth, Ervin"]
[Result "0-1"]
[WhiteElo "2202"]
[BlackElo "2449"]
[PlyCount "80"]
[EventDate "2017.11.25"]
[EventType "team-tourn"]
[EventRounds "9"]
[EventCountry "HUN"]
[SourceTitle "EXT 2019"]
[Source "ChessBase"]
[SourceDate "2018.10.10"]
[SourceVersion "1"]
[SourceVersionDate "2018.10.10"]
[SourceQuality "1"]
[WhiteTeam "Husi"]
[BlackTeam "Kobanya Aquarena"]
[WhiteTeamCountry "HUN"]
[BlackTeamCountry "HUN"]

1. d4 g6 2. e4 Bg7 3. c4 d6 4. Nc3 Nf6 5. Nf3 0-0 6. Be2 e5 7. d5 a5 8. Bg5 Na6 9. Nd2 h6 10. Bh4 Nc5 11. b3 Qd7 12. 0-0 Nh7 13. f3 h5 14. Bf2 Bh6 15. Rb1 Qe7 16. Re1 f5 17. Bf1 f4 18. a3 g5 19. b4 axb4 20. axb4 Na6 21. Be2 Kh8 22. Kh1 Rg8 23. h3 Nf6 24. Kg1 Qg7 25. Bf1 Qg6 26. c5 g4 27. hxg4 hxg4 28. Bh4 Nh7 29. cxd6 cxd6 30. Be2 g3 31. Nf1 Bf8 32. Ra1 Qh5 33. Bxg3 fxg3 34. b5 Nc7 35. Rxa8 Nxa8 36. Qa4 Nb6 37. Qa5 Nd7 38. f4 Qh4 39. Qc7 Be7 40. Ra1 Bd8 0-1

[Event "HUN-chT2 Charousek 1516"]
[Site "Hungary"]
[Date "2016.04.03"]
[Round "8.2"]
[White "Parkanyi, Attila"]
[Black "Toth, Ervin"]
[Result "0-1"]
[WhiteElo "2275"]
[BlackElo "2431"]
[PlyCount "156"]
[EventDate "2015.10.18"]
[EventType "team-tourn"]
[EventRounds "9"]
[EventCountry "HUN"]
[SourceTitle "EXT 2017"]
[Source "ChessBase"]
[SourceDate "2016.10.25"]
[SourceVersion "1"]
[SourceVersionDate "2016.10.25"]
[SourceQuality "1"]
[WhiteTeam "Tapolca Rockwool"]
[BlackTeam "Decs 1990"]
[WhiteTeamCountry "HUN"]
[BlackTeamCountry "HUN"]

1. e4 g6 2. d4 Bg7 3. Nc3 d6 4. f4 Nf6 5. Nf3 0-0 6. Bd3 c5 7. dxc5 dxc5 8. e5 Nd5 9. Nxd5 Qxd5 10. Qe2 Nc6 11. Be4 Qd7 12. Be3 b6 13. 0-0 Bb7 14. Rad1 Qc7 15. c3 Rad8 16. Ng5 h6 17. Nf3 Rxd1 18. Rxd1 Rd8 19. h4 Rxd1+ 20. Qxd1 e6 21. h5 Ne7 22. Bc2 Nf5 23. Bf2 Qc6 24. hxg6 fxg6 25. c4 Bf8 26. Qd8 Qc8 27. Qf6 Qe8 28. Nh4 Nxh4 29. Bxh4 Kh7 30. Bf2 Bg7 31. Qh4 Qf7 32. Qg4 Bc6 33. a4 Be8 34. a5 bxa5 35. Qf3 Qc7 36. b3 Bf8 37. Be1 Be7 38. Bc3 Kg7 39. g4 Kg8 40. Qh3 Bf8 41. Qg3 Bg7 42. Qe3 Qd8 43. Qe1 Kh8 44. Kh2 Qb8 45. Kh3 a4 46. bxa4 Qb7 47. Qd1 Kh7 48. Kg3 Qc7 49. a5 Kg8 50. Qe2 Qc8 51. Qe4 Bf8 52. Qf3 Qa6 53. Bd3 Qc8 54. f5 gxf5 55. gxf5 exf5 56. Bxf5 Qc7 57. Kh3 Bg7 58. Qd5+ Kh8 59. a6 Qe7 60. Bg4 h5 61. Bf5 Qf8 62. Qd3 Qe7 63. e6 Qg5 64. Bxg7+ Kxg7 65. Kh2 Bc6 66. Bh3 Qf4+ 67. Qg3+ Qxg3+ 68. Kxg3 Kf6 69. Kh4 Bf3 70. Kg3 Be2 71. Kh4 Bxc4 72. Kxh5 Bxe6 73. Bf1 Ke5 74. Kg5 Kd4 75. Kf4 c4 76. Bg2 c3 77. Be4 Bc4 78. Bc2 Bxa6 0-1